Existentialism
Αποθηκεύτηκε σε:
| Κύριος συγγραφέας: | |
|---|---|
| Μορφή: | Βιβλίο |
| Γλώσσα: | English |
| Δημοσίευση: |
England :
Penguin Books,
c1972
|
| Θέματα: | |
| Ετικέτες: |
Προσθήκη ετικέτας
Δεν υπάρχουν, Καταχωρήστε ετικέτα πρώτοι!
|
MARC
| LEADER | 00000cam a2200000 i 4500 | ||
|---|---|---|---|
| 001 | 1/22673 | ||
| 008 | 120828s1972 eng d | ||
| 035 | |l 10113100 | ||
| 040 | |a GR-MY-UA |b gre |e aacr | ||
| 041 | 0 | |a eng | |
| 082 | 0 | |a 142.7 |2 (22) | |
| 100 | 1 | |a Macquarrie, John. | |
| 245 | 1 | 0 | |a Existentialism / |c John Macquarrie |
| 260 | |a England : |b Penguin Books, |c c1972 | ||
| 300 | |a xii, 252 σ.; |c 21 εκ. | ||
| 504 | |a Βιβλιογραφία: σ. 239-246 | ||
| 650 | 0 | 0 | |a Existentialism. |
| 852 | |a INST |b LESVOS |e 20120828 |h 142.7 MAC |p 005100052081 |q 005100052081 |t BK |y 0 | ||
| 901 | |a BIBL1-2012-3 | ||
| 909 | |a Λ |b 176188 | ||
| 970 | |a ΤΖΑΦΕΡΗ |b ΕΥΑΓΓΕΛΙΑ |z 2012/08/28 | ||